| 000 | 01112nkm a2200349 a 4500 | ||
|---|---|---|---|
| 003 | BLK | ||
| 005 | 20230720114838.0 | ||
| 008 | 180412b bul rap|r|||| r0| ||bulo| | ||
| 010 | _aKNG00166350000 | ||
| 040 | _aBLK | ||
| 041 |
_aBUL _cBUL |
||
| 080 |
_aТрета българска държава (от 1878) _b94(497.2)"1878..." _x(497.2) _z94(497.2)"1878..."(497.2) |
||
| 139 |
_aСофия между две столетия _bС 53 |
||
| 245 | 1 | 0 | _aСофия между две столетия |
| 257 | _aBGR | ||
| 260 |
_bСептември _c1987 _aСофия |
||
| 300 |
_a120 с. _bс ил. _c23Х25 см |
||
| 380 | _a9 | ||
| 500 | _a3 117 тир. | ||
| 650 | 4 |
_aГрадове, български _9264012 |
|
| 651 | 4 |
_aБългария _9241624 |
|
| 653 | _aСофия | ||
| 653 | _aистория | ||
| 653 | _aснимки | ||
| 852 |
_aЦб 302066 _bЦб |
||
| 856 | 4 |
_qpdf _u |
|
| 856 | 4 |
_qpdf _u |
|
| 942 |
_cGRA _n0 _s1 |
||
| 944 |
_aCR _c17.10.2014 _lРусанова Ирена _k30542 |
||
| 944 |
_aED _c20.07.2023 |
||
| 999 |
_c210471 _d210471 |
||
| 999 | _d210471 | ||